| 000 | 01060cam a2200253 4500 | ||
|---|---|---|---|
| 008 | 010928n2001 000 0 eng u | ||
| 020 | _a9289408545 | ||
| 035 | _a(Sirsi) u114910 | ||
| 041 | _aeng. | ||
| 050 | _a001.64044 | ||
| 100 | _aBide, M. | ||
| 110 |
_aMark Bide & Associates _94359 |
||
| 245 | _aBusiness models for distribution, archiving and use of electronic information : towards a value chain perspective : a study for ECUP+ | ||
| 260 |
_aLuxembourg _bOffice for Official Publications of the European Communities _c2001 |
||
| 300 |
_a79p. _c30cm. |
||
| 350 | _a5 | ||
| 520 | _aA study that aims to understand the business models which support the distribution, archiving and use of electronic information products. Based largely on publishing experience in the UK, it uses the 'value chain' to achieve this understanding. | ||
| 650 | _aARCHIVES | ||
| 650 | _aELECTRONIC INFORMATION | ||
| 650 | _aKNOWLEDGE MANAGEMENT | ||
| 650 | _aBUSINESS MODELS | ||
| 690 | _aMANAGEMENT-BUSINESS MANAGEMENT-INFORMATION MANAGEMENT | ||
| 942 | _n0 | ||
| 999 |
_c101684 _d101684 |
||